LEADER 00936nam0-22003251i-450- 001 990005302630403321 005 20100416104054.0 010 $a0-7100-00065 035 $a000530263 035 $aFED01000530263 035 $a(Aleph)000530263FED01 035 $a000530263 100 $a19990604d1979----km-y0itay50------ba 101 0 $aeng 102 $aGB 105 $ay-------001yy 200 1 $aPythagoras$eA life$fPeter Gorman 210 $aLondon ; Henley and Boston$cRoutledge & Kegan Paul$d1979 215 $a216 p.$d23 cm 610 0 $aPitagora$aBiografia 676 $a182.2 700 1$aGorman,$bPeter$0187842 801 0$aIT$bUNINA$gRICA$2UNIMARC 901 $aBK 912 $a990005302630403321 952 $aP2B-610-PYTHAGORAS-8G.P.-1979$b4237$fFLFBC$mB10-18609 952 $aP2B-610-PYTHAGORAS-8G.P.-1979 BIS$bIst.Fil.Cl.8916$fFLFBC$mB10-18610 959 $aFLFBC 996 $aPythagoras$9537339 997 $aUNINA LEADER 01613nam 2200565 a 450 001 9910450634103321 005 20200520144314.0 010 $a1-282-86020-8 010 $a9786612860201 010 $a0-7735-6991-X 035 $a(CKB)1000000000244999 035 $a(OCoLC)756606886 035 $a(CaPaEBR)ebrary10119920 035 $a(SSID)ssj0000283423 035 $a(PQKBManifestationID)11236612 035 $a(PQKBTitleCode)TC0000283423 035 $a(PQKBWorkID)10247967 035 $a(PQKB)11065133 035 $a(CaPaEBR)400048 035 $a(CaBNvSL)gtp00521333 035 $a(MiAaPQ)EBC3243553 035 $a(MiAaPQ)EBC3330509 035 $a(Au-PeEL)EBL3330509 035 $a(CaPaEBR)ebr10132690 035 $a(CaONFJC)MIL286020 035 $a(OCoLC)929120582 035 $a(EXLCZ)991000000000244999 100 $a20040519d2002 uy 0 101 0 $aeng 135 $aurcn||||||||| 181 $ctxt 182 $cc 183 $acr 200 10$aReading Nelligan$b[electronic resource] /$fEmile J. Talbot 210 $aMontreal ;$aIthaca $cMcGill-Queen's University Press$dc2002 215 $a1 online resource (232 p.) 300 $aIncludes index. 311 $a0-7735-2479-7 311 $a0-7735-2318-9 320 $aIncludes bibliographical references (p. [205]-214) and index. 608 $aElectronic books. 676 $a841/.912 700 $aTalbot$b Emile$0951936 801 0$bMiAaPQ 801 1$bMiAaPQ 801 2$bMiAaPQ 906 $aBOOK 912 $a9910450634103321 996 $aReading Nelligan$92151872 997 $aUNINA